A priceless tool if used well (Record no. 117321)
[ view plain ]
| 000 -LEADER | |
|---|---|
| fixed length control field | 00704cam a2200205 4500 |
| 001 - CONTROL NUMBER | |
| control field | ABS67761 |
| 008 - FIXED-LENGTH DATA ELEMENTS--GENERAL INFORMATION | |
| fixed length control field | 040507n2004 000 0 eng u |
| 035 ## - SYSTEM CONTROL NUMBER | |
| System control number | (Sirsi) u126137 |
| 100 ## - MAIN ENTRY--PERSONAL NAME | |
| Personal name | Wright, G. |
| 245 #2 - TITLE STATEMENT | |
| Title | A priceless tool if used well |
| 260 ## - PUBLICATION, DISTRIBUTION, ETC. | |
| Date of publication, distribution, etc. | 2004 |
| 490 ## - SERIES STATEMENT | |
| Series statement | Planning (for the Natural and Built Environment) |
| Volume/sequential designation | (1566) 23 April 2004, 15(1) |
| 520 ## - SUMMARY, ETC. | |
| Summary, etc. | Argues for the merits of outline planning applications. The government continues to support such permisions but is planning new regulations and guidance for their use. |
| 590 ## - LOCAL NOTE (RLIN) | |
| Local note | ABS |
| 590 ## - LOCAL NOTE (RLIN) | |
| Local note | ABS |
| 650 ## - SUBJECT ADDED ENTRY--TOPICAL TERM | |
| Topical term or geographic name entry element | OUTLINE PLANNING PERMISSION |
| 650 ## - SUBJECT ADDED ENTRY--TOPICAL TERM | |
| Topical term or geographic name entry element | PLANNING PROCESS |
| 690 ## - LOCAL SUBJECT ADDED ENTRY--TOPICAL TERM (OCLC, RLIN) | |
| Topical term or geographic name as entry element | PLANNING-PRACTICE |
| 942 ## - ADDED ENTRY ELEMENTS (KOHA) | |
| Suppress in OPAC | 0 |
| Withdrawn status | Lost status | Source of classification or shelving scheme | Damaged status | Not for loan | Home library | Current library | Shelving location | Date acquired | Total Checkouts | Full call number | Barcode | Date last seen | Copy number | Price effective from | Koha item type |
|---|---|---|---|---|---|---|---|---|---|---|---|---|---|---|---|
| Dewey Decimal Classification | London | London | Journal article | 07/05/2004 | ABS67761 | 126137-1001 | 06/08/2019 | 1 | 06/08/2019 | Journal article |